Urban mobility: in developing countries (Record no. 411458)

000 -LEADER
fixed length control field 00420cam a22001337a 4500
008 - FIXED-LENGTH DATA ELEMENTS--GENERAL INFORMATION
fixed length control field 180718b1978 xxu||||| |||| 00| 0 eng d
082 ## - DEWEY DECIMAL CLASSIFICATION NUMBER
Classification number W2000 P27
100 ## - MAIN ENTRY--PERSONAL NAME
Personal name Patankar, P.G.
245 ## - TITLE STATEMENT
Title Urban mobility: in developing countries
Statement of responsibility, etc. by P.G. Patankar
260 ## - PUBLICATION, DISTRIBUTION, ETC.
Place of publication, distribution, etc. Bombay
Name of publisher, distributor, etc. Popular Prakashan
Date of publication, distribution, etc. 1978
300 ## - PHYSICAL DESCRIPTION
Extent xiv, 152p
650 ## - SUBJECT ADDED ENTRY--TOPICAL TERM
Topical term or geographic name entry element Transportation -India -Bombay.
650 ## - SUBJECT ADDED ENTRY--TOPICAL TERM
Topical term or geographic name entry element Urban transportation -Developing countries
Holdings
Withdrawn status Lost status Damaged status Not for loan Permanent Location Current Location Date acquired Full call number Barcode Date last seen Price effective from Koha item type
        Indian Institute of Public Administration Indian Institute of Public Administration 2009-01-29 W2000 P27 DA4992 2018-07-21 2018-07-21 DA

Powered by Koha